000 00335 a2200109 4500
001 ART_11027
005 20260410161849.0
008 260409a
245 1 0 _aTarifas para el servicio residencial de agua potable
100 1 _aTrapé, Alejandro
773 0 _tEconómica
_g- Año XXXVIII, Nº 1/2 (ene. 1992)
_wREV7541
999 _c24870
_d24870